European Rugby Champions Cup Cities Map. - Statistics

General Stats
  • This quiz has been taken 31 times
  • The average score is 18 of 24
Answers on the Map
Answers color-coded by a green-red scale on the quiz's map according to % correct below.
 
Answer Stats
Cities % Correct
Sunbury-on-Thames
96%
Twickenham
96%
Watford
96%
Dublin
92%
Edinburgh
92%
Toulouse
92%
Belfast
88%
Capetown
88%
Durban
85%
Bordeaux
81%
Lyon
81%
Limerick
77%
Salford
77%
Swansea
77%
Pretoria
73%
Exeter
65%
Leicester
65%
Clermont
62%
Montpellier
62%
Gloucester
58%
La Rochelle
58%
Northampton
50%
Castres
31%
Nanterre
23%
No matching quizzes found
Score Distribution
Percent of People with Each Score
Percentile by Number Answered
Your Score History
You have not taken this quiz